| 000 | 00362nam a2200157Ia 4500 | ||
|---|---|---|---|
| 008 | 230711s9999||||xx |||||||||||||| ||und|| | ||
| 020 | _a978-1-84739-085-1 | ||
| 041 | _aENG | ||
| 082 |
_a800 _bBH-D |
||
| 100 | _aBhutto,Banazir | ||
| 245 | 0 | _aDaughter of the east | |
| 260 |
_c2008 _aDelhi _bPocket Books |
||
| 300 | _a444 | ||
| 650 | _aLiterature | ||
| 942 | _cBK | ||
| 999 |
_c5193 _d5193 |
||